[Event "Cambados op 24th"]
[Site "Cambados"]
[Date "2008.08.05"]
[Round "5"]
[White "Buil Montanes, Carlos"]
[Black "Maneiro Blanco, Jose"]
[Result "1/2-1/2"]
[WhiteElo "1882"]
[BlackElo "1695"]
[PlyCount "98"]
[EventDate "2008.08.01"]
[EventType "swiss"]
[EventRounds "9"]
[EventCountry "ESP"]
[SourceTitle "CBM 125 Extra"]
[Source "ChessBase"]
[SourceDate "2008.09.01"]
[SourceVersion "1"]
[SourceVersionDate "2008.09.01"]
[SourceQuality "1"]

1. c4 c5 2. Nc3 g6 3. Nf3 Bg7 4. g3 Nc6 5. Bg2 Nf6 6. 0-0 0-0 7. a3 d5 8. cxd5 Nxd5 9. Nxd5 Qxd5 10. Rb1 Qa2 11. Qc2 Be6 12. d4 Bb3 13. Qd3 Bc4 14. Qc2 Bxe2 15. Ra1 Qxa1 16. Qxe2 cxd4 17. Qb5 Qa2 18. Qxb7 Qc4 19. Nd2 Qe2 20. Qxc6 Rac8 21. Qe4 Qa6 22. Qxe7 Rfe8 23. Qb7 Qe2 24. Bd5 Rf8 25. Bf3 Qd3 26. Qb3 Qf5 27. Be4 Qa5 28. Nc4 Qc5 29. Bd3 Rfe8 30. Bf4 Re6 31. Qb4 Qc6 32. Nd2 Qe8 33. Qb5 Qe7 34. Bg5 Qd6 35. Bf4 Qe7 36. Nc4 Rec6 37. Qd5 Rc5 38. Bd6 Qd7 39. Qxc5 Rxc5 40. Bxc5 Qb5 41. Bb4 a5 42. Bd6 Qb3 43. Re1 f5 44. Bf1 d3 45. Nd2 Qxb2 46. Bg2 h6 47. Bd5+ Kh8 48. Re8+ Kh7 49. Bg8+ Kh8 1/2-1/2

[Event "Cambados op 24th"]
[Site "Cambados"]
[Date "2008.08.04"]
[Round "4"]
[White "Maneiro Blanco, Jose"]
[Black "Guijarro Arca, Basilio"]
[Result "0-1"]
[WhiteElo "1695"]
[BlackElo "1915"]
[PlyCount "90"]
[EventDate "2008.08.01"]
[EventType "swiss"]
[EventRounds "9"]
[EventCountry "ESP"]
[SourceTitle "CBM 125 Extra"]
[Source "ChessBase"]
[SourceDate "2008.09.01"]
[SourceVersion "1"]
[SourceVersionDate "2008.09.01"]
[SourceQuality "1"]

1. f4 d5 2. Nf3 Nf6 3. e3 c5 4. b3 Nc6 5. Bb5 a6 6. Bxc6+ bxc6 7. Ne5 Qc7 8. d3 Nd7 9. Bb2 Nxe5 10. Bxe5 Qa5+ 11. Nd2 f6 12. Bb2 Bf5 13. 0-0 Bg6 14. f5 Bf7 15. Qe2 g5 16. e4 Bg7 17. e5 0-0 18. e6 Be8 19. a4 Qb6 20. Kh1 Rd8 21. Qf2 Qb8 22. Qxc5 Qd6 23. Qa7 c5 24. d4 Rc8 25. dxc5 Qxc5 26. Qxc5 Rxc5 27. c4 dxc4 28. Nxc4 Bh5 29. Ne3 Rb8 30. Bd4 Rc6 31. g4 Be8 32. Rab1 Rc7 33. a5 Rb4 34. Nd5 Bc6 35. Kg1 Bxd5 36. Bb6 Rxg4+ 37. Kf2 Rc2+ 38. Ke3 Rxh2 39. Rbc1 Rg3+ 40. Kd4 Rd2+ 41. Kc5 Rxb3 42. Rb1 Rxb1 43. Rxb1 Be4 44. Bc7 Bxb1 45. Kb6 Bd3 0-1